New humanism: (Record no. 223611)
[ view plain ]
| 000 -LEADER | |
|---|---|
| fixed length control field | 00616nam a22002297a 4500 |
| 005 - DATE AND TIME OF LATEST TRANSACTION | |
| control field | 20220706143753.0 |
| 008 - FIXED-LENGTH DATA ELEMENTS--GENERAL INFORMATION | |
| fixed length control field | 220706b ||||| |||| 00| 0 eng d |
| 040 ## - CATALOGING SOURCE | |
| Transcribing agency | Aloy |
| 041 ## - LANGUAGE CODE | |
| Language code of text/sound track or separate title | eng |
| 082 ## - DEWEY DECIMAL CLASSIFICATION NUMBER | |
| Edition number | 23 |
| Classification number | 320.532 |
| Item number | ROYN |
| 100 ## - MAIN ENTRY--PERSONAL NAME | |
| Personal name | M N Roy |
| 100 ## - MAIN ENTRY--PERSONAL NAME | |
| 9 (RLIN) | 47280 |
| 245 ## - TITLE STATEMENT | |
| Title | New humanism: |
| Remainder of title | A manifesto |
| 260 ## - PUBLICATION, DISTRIBUTION, ETC. | |
| Place of publication, distribution, etc. | Delhi: |
| Name of publisher, distributor, etc. | Ajanta Publications |
| Date of publication, distribution, etc. | 1981 |
| 300 ## - PHYSICAL DESCRIPTION | |
| Extent | vi,111p. |
| Other physical details | HB |
| Dimensions | 22x14cm. |
| 365 ## - TRADE PRICE | |
| Source of price type code | Political Science |
| 650 ## - SUBJECT ADDED ENTRY--TOPICAL TERM | |
| Topical term or geographic name entry element | Revolution |
| 9 (RLIN) | 47281 |
| 650 ## - SUBJECT ADDED ENTRY--TOPICAL TERM | |
| Topical term or geographic name entry element | Communism |
| 9 (RLIN) | 47282 |
| 650 ## - SUBJECT ADDED ENTRY--TOPICAL TERM | |
| Topical term or geographic name entry element | Materialism |
| 9 (RLIN) | 47283 |
| 650 ## - SUBJECT ADDED ENTRY--TOPICAL TERM | |
| Topical term or geographic name entry element | Science and Philosophy |
| 9 (RLIN) | 47284 |
| 700 ## - ADDED ENTRY--PERSONAL NAME | |
| Personal name | ROY (M N) |
| 9 (RLIN) | 47285 |
| 942 ## - ADDED ENTRY ELEMENTS (KOHA) | |
| Source of classification or shelving scheme | Dewey Decimal Classification |
| Koha item type | George Fernandes Collections |
| Withdrawn status | Lost status | Source of classification or shelving scheme | Damaged status | Not for loan | Collection code | Home library | Current library | Date acquired | Total Checkouts | Full call number | Barcode | Date last seen | Price effective from | Koha item type |
|---|---|---|---|---|---|---|---|---|---|---|---|---|---|---|
| Dewey Decimal Classification | Political Science | St Aloysius Library | St Aloysius Library | 03/24/2013 | 320.532 ROYN | GF01417 | 07/06/2022 | 07/06/2022 | George Fernandes Collections |